Fluid-structure interactions : (Record no. 8664)

MARC details
000 -LEADER
fixed length control field 00678cam a2200229 a 4500
001 - CONTROL NUMBER
control field 2145928
003 - CONTROL NUMBER IDENTIFIER
control field OSt
005 - DATE AND TIME OF LATEST TRANSACTION
control field 20240619125313.0
008 - FIXED-LENGTH DATA ELEMENTS--GENERAL INFORMATION
fixed length control field 980612m19989999caua b 001 0 eng
010 ## - LIBRARY OF CONGRESS CONTROL NUMBER
LC control number 98086469
020 ## - INTERNATIONAL STANDARD BOOK NUMBER
International Standard Book Number 0125443609
040 ## - CATALOGING SOURCE
Original cataloging agency DDC
Transcribing agency MUST
082 00 - DEWEY DECIMAL CLASSIFICATION NUMBER
Classification number 532 PAI 1998
Edition number 22
100 1# - MAIN ENTRY--PERSONAL NAME
Personal name Paidoussis, Michael P.
9 (RLIN) 17522
245 10 - TITLE STATEMENT
Title Fluid-structure interactions :
Remainder of title slender structures and axial flow /
Statement of responsibility, etc. Michael P. Paidoussis.
260 ## - PUBLICATION, DISTRIBUTION, ETC. (IMPRINT)
Place of publication, distribution, etc. San Diego,
Name of publisher, distributor, etc. Academic Press, Inc.,
Date of publication, distribution, etc. 1998
300 ## - PHYSICAL DESCRIPTION
Extent xiv,572p.:
Other physical details ill. ;
Dimensions 25 cm.
504 ## - BIBLIOGRAPHY, ETC. NOTE
Bibliography, etc Includes bibliographical references and index.
650 #0 - SUBJECT ADDED ENTRY--TOPICAL TERM
Topical term or geographic name as entry element Physics
9 (RLIN) 809
856 42 - ELECTRONIC LOCATION AND ACCESS
Materials specified n
942 ## - ADDED ENTRY ELEMENTS (KOHA)
Source of classification or shelving scheme Dewey Decimal Classification
Koha item type Open Shelf
Holdings
Withdrawn status Lost status Source of classification or shelving scheme Damaged status Not for loan Home library Current library Date acquired Source of acquisition Inventory number Total Checkouts Full call number Barcode Date last seen Price effective from Koha item type
    Dewey Decimal Classification     MUST Main Library MUST Main Library 19/06/2024 Donation 05/23273   532 PAI 1998 2024-20932 19/06/2024 19/06/2024 Open Shelf